Newsheet annotations (1992-1997) (Record no. 1159)

MARC details
000 -LEADER
fixed length control field 003620000a22001450004500
005 - DATE AND TIME OF LATEST TRANSACTION
control field 20240226105139.0
008 - FIXED-LENGTH DATA ELEMENTS--GENERAL INFORMATION
fixed length control field 230817t1997 ||||| |||| 00| 0 eng d
082 ## - DEWEY DECIMAL CLASSIFICATION NUMBER
Item number WOM
942 ## - ADDED ENTRY ELEMENTS (KOHA)
Item Type Reports
110 ## - MAIN ENTRY--CORPORATE NAME
Corporate Name Women living under Muslim laws
245 ## - TITLE STATEMENT
Title Newsheet annotations (1992-1997)
260 ## - PUBLICATION, DISTRIBUTION, ETC. (IMPRINT)
Place of Publication Lahore,
Name of Publisher Shirkat Gah,
Date of Copyright 1997
300 ## - PHYSICAL DESCRIPTION
Extent 65 p.
650 ## - SUBJECT ADDED ENTRY--TOPICAL TERM
Topical Term Directory
Holdings
Withdrawn status Lost status Source of classification or shelving scheme Damaged status Not for loan Permanent location Current location Date acquired Total Checkouts Full call number Barcode Date last seen Price effective from Koha item type
    Dewey Decimal Classification     Resource center, Muslim Women's Research And Action Forum Resource center, Muslim Women's Research And Action Forum 2023-08-17   550 WLU RAF3758 2023-08-17 2023-08-17 Reference
    Dewey Decimal Classification     Resource center, Muslim Women's Research And Action Forum Resource center, Muslim Women's Research And Action Forum 2024-02-26   550 WLU RAF5110 2024-02-26 2024-02-26 Reference

Copyright © 2023 Muslim Women's Research and Action Forum (MWRAF), No 27/3, Anderson Road, Kalubowila, Dehiwela. Funded by The Asia Fundation